01159nac a22003137a 4500001001000000003000900010005001700019008003400036040005400070072000800124090001900132100001800151100002300169100002000192100001800212110007300230245010400303260003300407300000900440490011100449650001200560650001200572650001600584650001600600909004700616942001700663999001900680952014600699BR8303362BR-BrBNA20240105115753.0230509b bl.|||m| |||| 00| 0 por d aBR-BrBNAbporcBiblioteca Nacional de Agricultura aK10 a3290 BR83033621 aYared, J.A.G.1 aBrienza Junior, S.1 aMarques, L.C.T.1 aKanashiro, M.1 aCentro de Pesquisa Agropecuaria do Tropico Umido, Belem, PA (Brasil)1 aCrescimento de quaruba verdadeira em diferentes metodos de regeneracao artificial [Vochysia maxima]3 aBelem, PA (Brasil): c1983.  a2 p. aPesquisa em Andamento - Centro de Pesquisa Agropecuaria do Tropico Umido (Brazil)vno. 105xISSN 0101-5613 aQUARUBA aPLANTIO aESPACAMENTO aCRESCIMENTO a202312bLúcia Elandec55dLúcia Elande 2AGRISn0cMS c276313d276313 002AGRIS40708Acervo Gerala41918b41918cAGROBASEl0o3290 BR8303362p3290 BR8303362r2023-12-18yMSePortaria Interministerial nº 164/94